[Event "CAMPEONATO CONTINENTAL ABSOLUT"]
[Site "Hotel Torre de Cali, Cali, Co"]
[Date "2007.07.19"]
[Round "10.4"]
[White "Felgaer, Ruben"]
[Black "Lima, Darcy"]
[Result "0-1"]
[WhiteElo "2559"]
[BlackElo "2463"]
[PlyCount "55"]
[EventDate "2007.07.10"]

1. e4 e5 2. Nf3 Nc6 3. Bb5 a6 4. Ba4 Nf6 5. O-O Be7 6. Re1 b5 7. Bb3 d6 8. c3
O-O 9. d4 Bg4 10. Be3 Bh5 11. h3 Bg6 12. Nbd2 exd4 13. Nxd4 Na5 14. Bc2 c5 15.
Ne2 d5 16. e5 Bxc2 17. Qxc2 Nd7 18. Nf3 Nc6 19. Rad1 Ndxe5 20. Nxe5 Nxe5 21.
Nf4 Nc6 22. Rxd5 Qc8 23. Rh5 f5 24. Nd5 Bd8 25. Bg5 Na5 26. Ne7+ Bxe7 27. Rxe7
Qc6 28. Qe2 {Ilegible} 0-1

[Event "CAMPEONATO CONTINENTAL ABSOLUT"]
[Site "Hotel Torre de Cali, Cali, Co"]
[Date "2007.07.19"]
[Round "10.5"]
[White "Iturrizaga, Eduardo"]
[Black "Cordova, Emilio"]
[Result "1/2-1/2"]
[WhiteElo "2411"]
[BlackElo "2492"]
[PlyCount "96"]
[EventDate "2007.07.10"]

1. e4 e6 2. d4 d5 3. Nc3 Nf6 4. Bg5 dxe4 5. Nxe4 Be7 6. Bxf6 Bxf6 7. Nf3 Be7 8.
Qd2 b6 9. Bb5+ c6 10. Bd3 Qc7 11. O-O-O Nd7 12. h4 Bb7 13. Qe2 h6 14. Kb1 O-O-O
15. Ba6 Bxa6 16. Qxa6+ Qb7 17. Qe2 Kb8 18. Ne5 Nxe5 19. dxe5 Rd5 20. c4 Rxe5
21. f4 Ra5 22. Nd6 Bxd6 23. Rxd6 Qe7 24. Rhd1 Rc8 25. Rd7 Qf6 26. Qd2 e5 27. b4
Ra4 28. Kb2 c5 29. a3 cxb4 30. axb4 a5 31. bxa5 exf4+ 32. Qd4 Qxd4+ 33. R1xd4
Raxc4 34. axb6 Rxd4 35. Rxd4 g5 36. Rd6 g4 37. Rd4 f5 38. Rxf4 Rc5 39. Rd4 Kb7
40. Rd6 Re5 41. Kc3 h5 42. Rf6 g3 43. Kd3 Ka6 44. Kd2 Re4 45. Rxf5 Rxh4 46. Rg5
Rh2 47. Rxg3 h4 48. Rg6 h3 1/2-1/2

[Event "CAMPEONATO CONTINENTAL ABSOLUT"]
[Site "Hotel Torre de Cali, Cali, Co"]
[Date "2007.07.19"]
[Round "10.7"]
[White "Spraggett, Kevin"]
[Black "Prasca, Raphael"]
[Result "1/2-1/2"]
[WhiteElo "2585"]
[BlackElo "2426"]
[PlyCount "112"]
[EventDate "2007.07.10"]

1. e4 e6 2. d4 d5 3. Nc3 Bb4 4. e5 b6 5. Qg4 Bf8 6. Nf3 c6 7. Be2 Ba6 8. O-O
Qd7 9. Rd1 Ne7 10. Bxa6 Nxa6 11. Ne2 h5 12. Qh3 Ng6 13. Bg5 Be7 14. Bxe7 Qxe7
15. a4 Nc7 16. a5 b5 17. c3 Rb8 18. Rac1 Kd7 19. g3 h4 20. g4 f6 21. exf6 Qxf6
22. Ne1 Rbf8 23. f4 Nxf4 24. Nxf4 Qxf4 25. Nd3 Qg5 26. Ne5+ Kc8 27. Nxc6 Rf6
28. Ne5 Rhf8 29. Rc2 Qf4 30. Re2 g5 31. Nd3 Qd6 32. Ne5 Qe7 33. Qd3 Qg7 34. h3
Kd8 35. b3 Rf4 36. Qg6 Qf6 37. Qxf6+ R8xf6 38. Kg2 Ne8 39. c4 bxc4 40. bxc4 Nd6
41. cxd5 exd5 42. Rd3 Ne4 43. Nf3 Ra6 44. Ra3 Rf7 45. Rb2 Rc7 46. Ne5 Ke7 47.
Rf3 Rxa5 48. Rf7+ Kd6 49. Rf5 Ra3 50. Nf7+ Ke7 51. Re2 Rg3+ 52. Kh2 Rcc3 53.
Nxg5 Kd6 54. Rxe4 Rc2+ 55. Kh1 Rc1+ 56. Kh2 Rc2+ 1/2-1/2

[Event "CAMPEONATO CONTINENTAL ABSOLUT"]
[Site "Hotel Torre de Cali, Cali, Co"]
[Date "2007.07.19"]
[Round "10.8"]
[White "Lafuente, Pablo"]
[Black "Rodriguez Vila, Andres"]
[Result "1-0"]
[WhiteElo "2454"]
[BlackElo "2547"]
[PlyCount "58"]
[EventDate "2007.07.10"]

1. d4 f5 2. g3 Nf6 3. Bg2 d6 4. d5 g6 5. c4 Bg7 6. Nc3 O-O 7. Nh3 c5 8. Nf4 Na6
9. Rb1 Qe8 10. a3 Nc7 11. O-O g5 12. Nd3 Qg6 13. e3 f4 14. Qe2 e5 15. e4 b6 16.
b4 h5 17. Bd2 Rf7 18. Rfe1 Bh6 19. bxc5 bxc5 20. Nb5 Nxb5 21. Rxb5 Ba6 22. Rxc5
dxc5 23. Nxe5 Qh7 24. Nxf7 Qxf7 25. e5 Ne8 26. e6 Qe7 27. Bc3 fxg3 28. hxg3 Bg7
29. Qd3 Rd8 1-0

[Event "CAMPEONATO CONTINENTAL ABSOLUT"]
[Site "Hotel Torre de Cali, Cali, Co"]
[Date "2007.07.19"]
[Round "10.9"]
[White "Ibarra Chami, Luis Fernando"]
[Black "Peralta, Fernando"]
[Result "1/2-1/2"]
[WhiteElo "2386"]
[BlackElo "2546"]
[PlyCount "102"]
[EventDate "2007.07.10"]

1. e4 d6 2. Nc3 g6 3. f4 Bg7 4. Bc4 c5 5. Nf3 Nc6 6. O-O Nf6 7. d3 O-O 8. Bb3
Bg4 9. h3 Bxf3 10. Qxf3 Nd4 11. Qf2 e6 12. Ne2 Nd7 13. Kh1 Nxb3 14. axb3 f5 15.
Qf3 Qc7 16. Nc3 a6 17. Bd2 Rae8 18. Rae1 Nb8 19. Ne2 Nc6 20. Bc3 Nd4 21. Bxd4
cxd4 22. c4 dxc3 23. bxc3 b5 24. d4 fxe4 25. Qxe4 a5 26. Qd3 Qc6 27. Ra1 a4 28.
c4 bxc4 29. bxc4 Rb8 30. Ra3 Rb4 31. Rc1 Rfb8 32. Qe3 Qd7 33. Rc2 Qc8 34. Rcc3
Qd7 35. Kh2 Kh8 36. Qd3 Rb2 37. Rc2 R2b4 38. Rcc3 Qf7 39. Qe4 Qf5 40. Qc6 Bxd4
41. Rf3 Bc5 42. Rxa4 R4b6 43. Qd7 R6b7 44. Qc6 Qc2 45. Ra8 Qb2 46. Rxb8+ Rxb8
47. Qe4 Qf6 48. Ng3 Qd4 49. Qxd4+ Bxd4 50. Ne4 Bc5 51. Rd3 Rb4 1/2-1/2

[Event "CAMPEONATO CONTINENTAL ABSOLUT"]
[Site "Hotel Torre de Cali, Cali, Co"]
[Date "2007.07.19"]
[Round "10.10"]
[White "Cori, Jorge"]
[Black "Gurevich, Dmitry"]
[Result "1/2-1/2"]
[WhiteElo "2267"]
[BlackElo "2507"]
[PlyCount "110"]
[EventDate "2007.07.10"]

1. e4 c5 2. Nf3 d6 3. d4 cxd4 4. Nxd4 Nf6 5. Nc3 g6 6. Be2 Bg7 7. O-O Nc6 8.
Be3 O-O 9. h3 Bd7 10. Qd2 Nxd4 11. Bxd4 Bc6 12. f3 Qa5 13. Rfd1 Nh5 14. Bxg7
Kxg7 15. Qd4+ Qe5 16. Qxe5+ dxe5 17. Bb5 Bxb5 18. Nxb5 Rfc8 19. c3 a6 20. Na3
Rc7 21. Rd2 Rac8 22. Nc2 e6 23. Rad1 Rc6 24. Nb4 R6c7 25. Rd8 Rxd8 26. Rxd8 Nf6
27. Nd3 Nd7 28. Kf2 h5 29. Ke2 h4 30. Kd2 Kf6 31. Re8 Nc5 32. Nxc5 Rxc5 33. Rd8
Rc7 34. Rd6 Ke7 35. Rd3 f5 36. b3 b5 37. Ke3 Rc6 38. Kd2 a5 39. Kc2 a4 40. Kb2
axb3 41. axb3 Ra6 42. Rd2 Ra8 43. Rd1 fxe4 44. fxe4 Rf8 45. Rd2 Rf4 46. Re2 Kd6
47. Kc2 g5 48. b4 g4 49. hxg4 Rxg4 50. c4 Rg3 51. c5+ Kc7 52. Kb2 Rd3 53. Kc2
Rd4 54. Kc3 Rc4+ 55. Kb3 Rd4 1/2-1/2

[Event "CAMPEONATO CONTINENTAL ABSOLUT"]
[Site "Hotel Torre de Cali, Cali, Co"]
[Date "2007.07.19"]
[Round "10.11"]
[White "Escobar Forero, Alder"]
[Black "Gulko, Boris"]
[Result "0-1"]
[WhiteElo "2477"]
[BlackElo "2576"]
[PlyCount "82"]
[EventDate "2007.07.10"]

1. e4 c5 2. Nf3 d6 3. d4 Nf6 4. Nc3 cxd4 5. Nxd4 Nc6 6. Bc4 Qb6 7. Nb3 e6 8.
O-O Be7 9. Kh1 Qc7 10. f4 a6 11. Bd3 b5 12. Qf3 Bb7 13. Bd2 O-O 14. Rae1 b4 15.
Nd1 a5 16. c3 a4 17. Nc1 d5 18. Nf2 dxe4 19. Nxe4 Rfd8 20. Qh3 Nxe4 21. Rxe4 g6
22. cxb4 Nd4 23. Re3 Nf5 24. Ree1 a3 25. Bc3 axb2 26. Bxb2 Bxb4 27. Re2 Bf8 28.
Rc2 Qa5 29. Nb3 Qb4 30. Rc4 Rxd3 31. Rxb4 Rxh3 32. Rxb7 Ng3+ 33. Kg1 Nxf1 34.
gxh3 Ne3 35. Nd2 Bg7 36. Ne4 Bxb2 37. Rxb2 Ra4 38. Nf6+ Kg7 39. Ng4 Nd5 40. Ne5
Rxf4 41. Rf2 Re4 0-1

[Event "CAMPEONATO CONTINENTAL ABSOLUT"]
[Site "Hotel Torre de Cali, Cali, Co"]
[Date "2007.07.19"]
[Round "10.12"]
[White "Fier, Alexander"]
[Black "Zuluaga, Cesar"]
[Result "1/2-1/2"]
[WhiteElo "2527"]
[BlackElo "2339"]
[PlyCount "101"]
[EventDate "2007.07.10"]

1. e4 c5 2. Nf3 e6 3. Nc3 a6 4. d4 cxd4 5. Nxd4 Qc7 6. Qf3 Nf6 7. Bg5 Qe5 8.
Be3 Bb4 9. O-O-O Bxc3 10. bxc3 d5 11. exd5 Nxd5 12. Bd2 O-O 13. Bd3 Nc6 14. Qg3
Qh5 15. Nxc6 bxc6 16. c4 Nb6 17. Rhe1 Ra7 18. Re5 f5 19. Bb4 Qh6+ 20. f4 Nd7
21. Bxf8 Nxe5 22. Bd6 Nxd3+ 23. Rxd3 Rd7 24. Be5 Qg6 25. Rxd7 Bxd7 26. Qd3 Qe8
27. c5 Bc8 28. Kb2 Qe7 29. Qd6 Qb7+ 30. Kc3 h6 31. Qd8+ Kf7 32. a3 Kg6 33. Qe8+
Kh7 34. Kd2 a5 35. Kc3 a4 36. g3 Qa6 37. Qf7 Qa5+ 38. Kd3 Ba6+ 39. c4 Bxc4+ 40.
Kxc4 Qb5+ 41. Kd4 Qb2+ 42. Kd3 Qb1+ 43. Kd2 Qa2+ 44. Ke3 Qb3+ 45. Kd2 Qa2+ 46.
Kc1 Qxa3+ 47. Bb2 Qe3+ 48. Kc2 Qb3+ 49. Kc1 Qe3+ 50. Kc2 Qb3+ 51. Kc1 1/2-1/2

[Event "CAMPEONATO CONTINENTAL ABSOLUT"]
[Site "Hotel Torre de Cali, Cali, Co"]
[Date "2007.07.19"]
[Round "10.14"]
[White "Garcia, Gildardo"]
[Black "Mesias, Rabindranath"]
[Result "1/2-1/2"]
[WhiteElo "2435"]
[BlackElo "2237"]
[PlyCount "117"]
[EventDate "2007.07.10"]

1. e4 c5 2. Nf3 Nf6 3. Nc3 Nc6 4. Bb5 a6 5. Bxc6 dxc6 6. d3 Bg4 7. h3 Bxf3 8.
Qxf3 g6 9. Be3 Nd7 10. O-O-O Bg7 11. d4 Qa5 12. Kb1 O-O 13. dxc5 Nxc5 14. Bd4
Rad8 15. Bxg7 Kxg7 16. Qg3 Ne6 17. a3 Qg5 18. Qxg5 Nxg5 19. Kc1 e5 20. Rxd8
Rxd8 21. Rd1 Rxd1+ 22. Kxd1 f5 23. exf5 gxf5 24. Kd2 Ne6 25. Ke3 Kf6 26. g3 Nd4
27. Kd3 h5 28. f4 Ne6 29. Ke3 Nd4 30. Kd3 Ne6 31. Ne2 b5 32. b4 c5 33. c4 cxb4
34. axb4 e4+ 35. Kc3 Ke7 36. c5 Kd7 37. g4 hxg4 38. hxg4 fxg4 39. f5 Nd8 40.
Kd4 Nc6+ 41. Kxe4 Nxb4 42. Nd4 Ke7 43. c6 Nxc6 44. Nxc6+ Kf6 45. Nb4 g3 46.
Nd5+ Kg5 47. Ke5 g2 48. Nf4 g1=N 49. Ne6+ Kh6 50. Kd6 Nf3 51. f6 Nh4 52. Nd4
Ng6 53. Ke6 Nf8+ 54. Ke7 Nh7 55. f7 b4 56. Nb3 Kg7 57. Na5 Nf8 58. Nb3 Nh7 59.
Na5 1/2-1/2

[Event "CAMPEONATO CONTINENTAL ABSOLUT"]
[Site "Hotel Torre de Cali, Cali, Co"]
[Date "2007.07.19"]
[Round "10.15"]
[White "Mekhitarian, Krikor Sevag"]
[Black "Diamant, Andre"]
[Result "1-0"]
[WhiteElo "2420"]
[BlackElo "2394"]
[PlyCount "97"]
[EventDate "2007.07.10"]

1. d4 Nf6 2. c4 e6 3. Nf3 Bb4+ 4. Bd2 Qe7 5. g3 Nc6 6. Nc3 Bxc3 7. Bxc3 Ne4 8.
Rc1 d6 9. Bg2 e5 10. d5 Nd8 11. Nd2 Nxc3 12. Rxc3 b6 13. O-O O-O 14. f4 a5 15.
f5 f6 16. g4 g6 17. e4 g5 18. b3 Bd7 19. Qe2 Kg7 20. Rfc1 Nb7 21. Qe3 Rfc8 22.
h4 h6 23. Nf3 c5 24. dxc6 Rxc6 25. Rf1 Kf7 26. hxg5 hxg5 27. Nxg5+ fxg5 28. f6
Qf8 29. Qxg5 Qg8 30. Qh5+ Qg6 31. Rh3 Qxh5 32. Rxh5 Kg6 33. Rff5 Nc5 34. Rhg5+
Kh6 35. Rh5+ Kg6 36. Rhg5+ Kh6 37. Rg7 Bxf5 38. exf5 e4 39. Kf2 Rcc8 40. Bf1
e3+ 41. Kxe3 Re8+ 42. Kf3 Re1 43. g5+ Kh5 44. Be2 Kh4 45. f7 Ne4 46. Kf4 Rh8
47. f8=Q Rh5 48. Bxh5 Nxg5 49. Rxg5 1-0

[Event "CAMPEONATO CONTINENTAL ABSOLUT"]
[Site "Hotel Torre de Cali, Cali, Co"]
[Date "2007.07.19"]
[Round "10.16"]
[White "Barrientos, Sergio"]
[Black "Cabrera Huaman, Andres"]
[Result "1-0"]
[WhiteElo "2417"]
[BlackElo "2268"]
[PlyCount "57"]
[EventDate "2007.07.10"]

1. e4 e5 2. Nf3 d6 3. d4 Nf6 4. Nc3 Nbd7 5. Bc4 Be7 6. O-O O-O 7. Re1 c6 8. a4
b6 9. b3 Bb7 10. Bf1 Re8 11. a5 Bf8 12. a6 Bc8 13. d5 c5 14. Nd2 g6 15. Bb5 Nb8
16. Bxe8 Nxe8 17. Nc4 Bg7 18. f4 exf4 19. e5 g5 20. Bb2 dxe5 21. Nxe5 Nd6 22.
Ne4 Nxe4 23. Rxe4 Bf5 24. Re1 f6 25. d6 Be6 26. Qf3 fxe5 27. Qxa8 Qxd6 28. Rad1
Qc7 29. Qb7 1-0

[Event "CAMPEONATO CONTINENTAL ABSOLUT"]
[Site "Hotel Torre de Cali, Cali, Co"]
[Date "2007.07.19"]
[Round "10.17"]
[White "Sequera, Jose"]
[Black "Panesso, Henry"]
[Result "1-0"]
[WhiteElo "2432"]
[BlackElo "2143"]
[PlyCount "69"]
[EventDate "2007.07.10"]

1. e4 e6 2. d4 d5 3. Nc3 Nf6 4. e5 Nfd7 5. f4 c5 6. Nf3 Nc6 7. Be3 Be7 8. Qd2
O-O 9. O-O-O f6 10. exf6 Rxf6 11. Kb1 c4 12. g4 b5 13. Ne5 Ndxe5 14. dxe5 Rf7
15. Nxb5 Rb8 16. Nd6 Bxd6 17. exd6 Rfb7 18. b3 cxb3 19. cxb3 Qxd6 20. Rc1 Qa3
21. Rc3 Na5 22. Bd4 Qa4 23. Bd3 Nc4 24. Bxc4 dxc4 25. Rhc1 Qa5 26. Qe2 Re7 27.
Be5 Ra8 28. Qxc4 Bb7 29. Bd6 Bd5 30. Qd4 Rd7 31. Qe5 Qa6 32. Bb8 Rd8 33. Rc7
Qd3+ 34. Ka1 Qg6 35. Rc8 1-0

[Event "CAMPEONATO CONTINENTAL ABSOLUT"]
[Site "Hotel Torre de Cali, Cali, Co"]
[Date "2007.07.19"]
[Round "10.18"]
[White "Mosquera, Miguel"]
[Black "Avalos Parra, Joao"]
[Result "1/2-1/2"]
[WhiteElo "2414"]
[BlackElo "2272"]
[PlyCount "48"]
[EventDate "2007.07.10"]

1. e4 e6 2. d4 d5 3. Nc3 Bb4 4. e5 c5 5. Bd2 Ne7 6. Nb5 Bxd2+ 7. Qxd2 O-O 8.
dxc5 Nd7 9. f4 Nxc5 10. O-O-O Qb6 11. Bd3 Bd7 12. Nd4 a5 13. Nge2 f6 14. exf6
Rxf6 15. Kb1 Nc6 16. Nf3 Be8 17. g4 Nxd3 18. cxd3 Bg6 19. Rhf1 Raf8 20. h3 e5
21. Nh4 exf4 22. Nxg6 hxg6 23. Rxf4 Qc7 24. Rdf1 Qe5 1/2-1/2

[Event "CAMPEONATO CONTINENTAL ABSOLUT"]
[Site "Hotel Torre de Cali, Cali, Co"]
[Date "2007.07.19"]
[Round "10.19"]
[White "Alzate, Dario"]
[Black "Aranha Filho, Alvaro Z"]
[Result "1-0"]
[WhiteElo "2392"]
[BlackElo "2279"]
[PlyCount "83"]
[EventDate "2007.07.10"]

1. e4 c5 2. Nf3 Nc6 3. d4 cxd4 4. Nxd4 Nf6 5. Nc3 e5 6. Ndb5 d6 7. Bg5 a6 8.
Na3 b5 9. Nd5 Be7 10. Bxf6 Bxf6 11. c3 O-O 12. Nc2 Bg5 13. a4 bxa4 14. Rxa4 a5
15. Bc4 Rb8 16. Ra2 Kh8 17. Nce3 Bxe3 18. Nxe3 Ne7 19. O-O f5 20. exf5 Nxf5 21.
Nxf5 Bxf5 22. Bd5 Qb6 23. Qd2 Bd7 24. b3 Bc6 25. c4 Bxd5 26. Qxd5 Qxb3 27. Rxa5
Qb4 28. Ra6 Rb6 29. Ra7 Rbb8 30. Rd7 Rf6 31. f3 Qb6+ 32. Kh1 h6 33. Rd1 Rc8 34.
h3 Qc6 35. Rd8+ Qe8 36. Rxe8+ Rxe8 37. Qc6 Ree6 38. c5 dxc5 39. Rd8+ Kh7 40.
Qe4+ Rg6 41. h4 h5 42. g4 1-0

[Event "CAMPEONATO CONTINENTAL ABSOLUT"]
[Site "Hotel Torre de Cali, Cali, Co"]
[Date "2007.07.19"]
[Round "10.20"]
[White "Ortiz, Nadya Karolina"]
[Black "Castro, Oscar H"]
[Result "1/2-1/2"]
[WhiteElo "2281"]
[BlackElo "2390"]
[PlyCount "111"]
[EventDate "2007.07.10"]

1. e4 e5 2. Nf3 Nc6 3. Bb5 Nf6 4. d3 d6 5. c3 g6 6. O-O Bg7 7. Re1 O-O 8. Nbd2
Re8 9. d4 Bd7 10. Bc4 exd4 11. cxd4 d5 12. exd5 Rxe1+ 13. Qxe1 Nb4 14. Bb3 a5
15. Nf1 Nbxd5 16. Bg5 Be8 17. Rc1 a4 18. Bxd5 Qxd5 19. Qe7 Qd6 20. Rxc7 Qxe7
21. Rxe7 Nd5 22. Re1 Nb4 23. a3 Nd3 24. Re2 Bb5 25. Rc2 Re8 26. Be3 f5 27. g3
Bd7 28. N1d2 Rc8 29. Rxc8+ Bxc8 30. b3 b5 31. bxa4 bxa4 32. Nb1 Bf8 33. Kf1 Ba6
34. Kg1 Bb7 35. Nfd2 Nb2 36. Kf1 Kf7 37. Ke1 Ke6 38. h4 Ba6 39. Nf3 Kd5 40. Ne5
Bd6 41. Nc3+ Ke6 42. Bc1 Bxa3 43. Kd2 f4 44. Kc2 fxg3 45. fxg3 Nc4 46. Nxc4
Bxc1 47. Kxc1 Bxc4 48. Nxa4 Kf5 49. Nb6 Bb5 50. Nd5 h5 51. Nf4 Be8 52. d5 Kg4
53. d6 Kxg3 54. Nxg6 Kg4 55. Kd2 Kf5 56. Nf8 1/2-1/2

[Event "CAMPEONATO CONTINENTAL ABSOLUT"]
[Site "Hotel Torre de Cali, Cali, Co"]
[Date "2007.07.19"]
[Round "10.21"]
[White "Capo Vidal, Uriel"]
[Black "Beltran, Carlos"]
[Result "1-0"]
[WhiteElo "2370"]
[BlackElo "2272"]
[PlyCount "83"]
[EventDate "2007.07.10"]

1. d4 Nf6 2. c4 e6 3. Nc3 Bb4 4. f3 d5 5. a3 Bxc3+ 6. bxc3 c5 7. cxd5 exd5 8.
e3 O-O 9. Bd3 b6 10. Ne2 Ba6 11. Bc2 Nc6 12. O-O Qe7 13. Re1 Rfd8 14. Ng3 Rac8
15. Bf5 Rc7 16. e4 dxe4 17. Bg5 h6 18. Rxe4 hxg5 19. Rxe7 Nxe7 20. Qd2 cxd4 21.
cxd4 Nxf5 22. Nxf5 Bc8 23. Qxg5 Bxf5 24. Qxf5 Rxd4 25. Qe5 Rdd7 26. Ra2 Re7 27.
Qf5 Rc5 28. Qf4 Re8 29. Rd2 Rcc8 30. h4 Rc5 31. g4 Re7 32. h5 Nd5 33. Qa4 Rd7
34. Kf1 Re7 35. Kf2 Kf8 36. Qd4 Kg8 37. g5 g6 38. h6 f6 39. gxf6 Rf7 40. Qe4
Nxf6 41. Qxg6+ Kf8 42. h7 1-0

[Event "CAMPEONATO CONTINENTAL ABSOLUT"]
[Site "Hotel Torre de Cali, Cali, Co"]
[Date "2007.07.19"]
[Round "10.22"]
[White "Arenas, David"]
[Black "Uribe, Mauricio"]
[Result "1/2-1/2"]
[WhiteElo "2081"]
[BlackElo "2354"]
[PlyCount "88"]
[EventDate "2007.07.10"]

1. e4 e6 2. d4 d5 3. Nc3 Bb4 4. e5 Ne7 5. a3 Bxc3+ 6. bxc3 c5 7. Nf3 b6 8. a4
Ba6 9. h4 Bxf1 10. Kxf1 Nd7 11. h5 h6 12. Nh4 Qc7 13. Qd3 cxd4 14. cxd4 Rc8 15.
Ra2 Qc4 16. Qxc4 Rxc4 17. Be3 Nc6 18. c3 Rxc3 19. Ke2 Ke7 20. g4 Rc4 21. Rd1
Rc8 22. f4 Nb4 23. Rad2 Nc2 24. f5 Nxe3 25. Kxe3 Rxa4 26. fxe6 Rc3+ 27. Ke2
fxe6 28. Rg1 Rh3 29. Ng6+ Ke8 30. Rg2 Raa3 31. Kd1 Rhg3 32. Rgf2 Rxg4 33. Nf4
Ra1+ 34. Ke2 Nf8 35. Rc2 Kd7 36. Nd3 Re4+ 37. Kd2 Ke7 38. Rg2 Rxd4 39. Rxg7+
Kd8 40. Rcc7 Ra3 41. Rcf7 Raxd3+ 42. Kc2 Rd2+ 43. Kc1 Rd1+ 44. Kc2 R4d2+
1/2-1/2

[Event "CAMPEONATO CONTINENTAL ABSOLUT"]
[Site "Hotel Torre de Cali, Cali, Co"]
[Date "2007.07.19"]
[Round "10.23"]
[White "Ripari, Marcelo"]
[Black "Condori, Edwin"]
[Result "1/2-1/2"]
[WhiteElo "2350"]
[BlackElo "2207"]
[PlyCount "81"]
[EventDate "2007.07.10"]

1. e4 d6 2. d4 Nf6 3. Nc3 g6 4. f4 Bg7 5. Nf3 O-O 6. Bd3 Nc6 7. O-O Bg4 8. e5
dxe5 9. dxe5 Nd5 10. h3 Nxc3 11. bxc3 Bf5 12. Qe2 Bxd3 13. cxd3 Qd5 14. Rb1 b5
15. d4 Rab8 16. Ba3 a6 17. Bc5 Rfd8 18. Kh2 e6 19. Rf2 Na5 20. Ng5 Nb7 21. Ne4
Nxc5 22. Nxc5 Rb6 23. a4 bxa4 24. Ra1 Bf8 25. Nxa4 Rc6 26. Qf1 Rb8 27. Rb1 Rxb1
28. Qxb1 Qb5 29. Qa1 Rc4 30. Ra2 Rc6 31. Rb2 Qd5 32. Rb8 Kg7 33. Qe1 Be7 34.
Nc5 Rb6 35. Rxb6 cxb6 36. Nxa6 Qc4 37. Nb4 Bxb4 38. cxb4 Qxd4 39. Qh4 Qxb4 40.
Qf6+ Kg8 41. Qd8+ 1/2-1/2

[Event "CAMPEONATO CONTINENTAL ABSOLUT"]
[Site "Hotel Torre de Cali, Cali, Co"]
[Date "2007.07.19"]
[Round "10.25"]
[White "Zapata, Alonso"]
[Black "Jukemura, Leandro"]
[Result "1-0"]
[WhiteElo "2504"]
[BlackElo "2025"]
[PlyCount "85"]
[EventDate "2007.07.10"]

1. e4 c5 2. Nf3 Nc6 3. d4 cxd4 4. Nxd4 Nf6 5. Nc3 e5 6. Ndb5 d6 7. Bg5 a6 8.
Na3 b5 9. Nd5 Be7 10. Bxf6 Bxf6 11. c3 O-O 12. Nc2 Bg5 13. g3 Ne7 14. h4 Bh6
15. Ncb4 Be6 16. a4 Nxd5 17. Nxd5 Rc8 18. axb5 axb5 19. Bxb5 f5 20. exf5 Bxf5
21. O-O Kh8 22. Bd3 e4 23. Be2 Bh3 24. Re1 Qd7 25. Qd4 Rce8 26. Ra7 Qf5 27. Nf4
Rf6 28. Nxh3 Qxh3 29. Bf1 Qf5 30. Rxe4 Ref8 31. Re2 Qf3 32. Rae7 Qh5 33. Bg2 g5
34. hxg5 Qxg5 35. R7e6 Bg7 36. Qxd6 Qc1+ 37. Bf1 Rxe6 38. Qxe6 Rb8 39. Qf7 Qh6
40. Re6 Rf8 41. Rxh6 Rxf7 42. Ra6 Be5 43. f4 1-0

[Event "CAMPEONATO CONTINENTAL ABSOLUT"]
[Site "Hotel Torre de Cali, Cali, Co"]
[Date "2007.07.19"]
[Round "10.26"]
[White "Vittorino, Carlo"]
[Black "Sanchez Castillo, Sarai"]
[Result "1-0"]
[WhiteElo "2228"]
[BlackElo "2340"]
[PlyCount "83"]
[EventDate "2007.07.10"]

1. d4 d5 2. c4 c6 3. Nc3 e6 4. Nf3 Nf6 5. Bg5 Nbd7 6. e3 Qa5 7. cxd5 exd5 8.
Bd3 Ne4 9. Qc2 Nxg5 10. Nxg5 h6 11. Nf3 Bd6 12. O-O O-O 13. a3 Qd8 14. h3 Bb8
15. b4 g5 16. Rad1 Qf6 17. e4 dxe4 18. Bxe4 Nb6 19. d5 cxd5 20. Bxd5 Bxh3 21.
Bxb7 Bf5 22. Ne4 Qg7 23. Qc6 Bxe4 24. Qxe4 Bc7 25. Bxa8 Nxa8 26. Rd7 Bb8 27.
Rfd1 Nb6 28. Rd8 Bc7 29. Rxf8+ Qxf8 30. Qc6 Bb8 31. Qf6 Bc7 32. Nd4 Nc4 33. Nf5
Bd8 34. Nxh6+ Kh7 35. Qxf7+ Qxf7 36. Nxf7 Bf6 37. Rd7 Kg6 38. Rxa7 g4 39. g3
Bd4 40. Rd7 Bb2 41. a4 Kf6 42. a5 1-0

[Event "CAMPEONATO CONTINENTAL ABSOLUT"]
[Site "Hotel Torre de Cali, Cali, Co"]
[Date "2007.07.19"]
[Round "10.27"]
[White "Ostos, Julio"]
[Black "Ramirez, Carlos"]
[Result "1-0"]
[WhiteElo "2306"]
[BlackElo "2241"]
[PlyCount "86"]
[EventDate "2007.07.10"]

1. e4 e6 2. d4 d5 3. Nd2 c5 4. Ngf3 cxd4 5. exd5 Qxd5 6. Bc4 Qd6 7. O-O Nf6 8.
Nb3 Nc6 9. Nbxd4 Nxd4 10. Nxd4 a6 11. c3 Qc7 12. Bb3 Bd6 13. h3 Bd7 14. Qf3
O-O-O 15. Be3 Kb8 16. Rfd1 e5 17. Nc2 Bb5 18. Na3 e4 19. Nxb5 axb5 20. Qe2 Bh2+
21. Kh1 Bf4 22. Qxb5 Bxe3 23. fxe3 Rhf8 24. Rd4 Rxd4 25. cxd4 Re8 26. Rf1 Re7
27. Qg5 Ne8 28. Qh5 f6 29. Qxh7 Qg3 30. Qg8 Ka7 31. Qf8 Qc7 32. Rf5 Qc1+ 33.
Kh2 Qc7+ 34. g3 Qd6 35. Ra5+ Kb6 36. Rc5 Ka7 37. Bc4 Nc7 38. Ra5+ Kb6 39. Ra3
Qd7 40. Qb8 Kc6 41. Rb3 Qf5 42. Qxb7+ Kd7 43. Bb5+ Ke6 1-0

[Event "CAMPEONATO CONTINENTAL ABSOLUT"]
[Site "Hotel Torre de Cali, Cali, Co"]
[Date "2007.07.19"]
[Round "10.28"]
[White "Gutierrez, Jose Antonio"]
[Black "Salazar, Carlos"]
[Result "1/2-1/2"]
[WhiteElo "2283"]
[BlackElo "2215"]
[PlyCount "83"]
[EventDate "2007.07.10"]

1. e4 c5 2. Nf3 e6 3. d4 cxd4 4. Nxd4 a6 5. Nc3 Qc7 6. g3 Bb4 7. Nde2 Nf6 8.
Bg2 Be7 9. O-O O-O 10. h3 Nc6 11. Bf4 d6 12. Qd2 b5 13. g4 Bb7 14. a4 b4 15.
Na2 a5 16. Ng3 Ne5 17. b3 d5 18. c3 bxc3 19. Qxc3 Qxc3 20. Nxc3 Nd3 21. Bg5
Rfc8 22. Nb5 dxe4 23. Bxf6 Bxf6 24. Nd6 Bxa1 25. Rxa1 Bd5 26. Nxc8 Rxc8 27.
Bxe4 Rc3 28. Bxd5 exd5 29. Nf5 g6 30. Ne7+ Kg7 31. Nxd5 Rxb3 32. g5 h6 33. h4
Rb2 34. f4 Rd2 35. Rf1 Nc5 36. Nf6 Ne6 37. f5 gxf5 38. Rxf5 hxg5 39. hxg5 Kg6
40. Rxa5 Rd1+ 41. Kf2 Nxg5 42. Ke2 1/2-1/2

[Event "CAMPEONATO CONTINENTAL ABSOLUT"]
[Site "Hotel Torre de Cali, Cali, Co"]
[Date "2007.07.19"]
[Round "10.29"]
[White "Quinones, Cesar"]
[Black "Garcia, Alvaro"]
[Result "1/2-1/2"]
[WhiteElo "2268"]
[BlackElo "2156"]
[PlyCount "161"]
[EventDate "2007.07.10"]

1. d4 Nf6 2. Nf3 d5 3. c4 c6 4. g3 Bf5 5. Bg2 e6 6. Nc3 Nbd7 7. O-O Bd6 8. Nh4
Bg4 9. c5 Bc7 10. Qb3 Qb8 11. e4 Nxe4 12. Nxe4 dxe4 13. Bxe4 Nf6 14. Bg2 a5 15.
Re1 a4 16. Qe3 O-O 17. h3 Bh5 18. g4 Bg6 19. Nxg6 hxg6 20. Bd2 Rd8 21. b4 axb3
22. axb3 Nd5 23. Qf3 Rxa1 24. Rxa1 Bf4 25. Ba5 Rd7 26. Ra4 Bg5 27. Bf1 Bf6 28.
Bd2 g5 29. Qe4 g6 30. b4 b5 31. Ra6 Qc8 32. Ra3 Kg7 33. h4 Qd8 34. hxg5 Bxg5
35. f4 Be7 36. g5 Kg8 37. Bh3 Nc7 38. Be3 Rd5 39. Bg2 Qe8 40. Ra7 Qb8 41. Ra3
Qe8 42. Qf3 Bf8 43. Bf2 Bg7 44. Qg3 Bxd4 45. Bxd5 Bxf2+ 46. Qxf2 exd5 47. Qe3
Qd7 48. Qh3 Qe8 49. Re3 Ne6 50. f5 gxf5 51. Qxf5 Qe7 52. Qe5 Qc7 53. Qf6 Qf4
54. Qxf4 Nxf4 55. Re8+ Kg7 56. Rc8 Ne2+ 57. Kf2 Nd4 58. Kg3 Kg6 59. Kg4 f6 60.
gxf6 Kxf6 61. Kf4 Ke6 62. Rh8 Nc2 63. Rh6+ Kd7 64. Ke5 Nxb4 65. Rh7+ Kc8 66.
Kd6 d4 67. Rh4 Kb7 68. Rxd4 Na6 69. Rh4 Nb8 70. Rh7+ Ka6 71. Kc7 b4 72. Kxb8
Kb5 73. Rh5 b3 74. Kc7 b2 75. Rh1 Kxc5 76. Rb1 Kd4 77. Rxb2 c5 78. Kb6 c4 79.
Kb5 c3 80. Rh2 Kd3 81. Rh8 1/2-1/2

[Event "CAMPEONATO CONTINENTAL ABSOLUT"]
[Site "Hotel Torre de Cali, Cali, Co"]
[Date "2007.07.19"]
[Round "10.30"]
[White "Minaya, Juan"]
[Black "Bibiloni, Jorge"]
[Result "1-0"]
[WhiteElo "2254"]
[BlackElo "2145"]
[PlyCount "63"]
[EventDate "2007.07.10"]

1. e4 e5 2. Nc3 Nc6 3. g3 Bc5 4. Bg2 h5 5. h3 h4 6. g4 Qf6 7. Nf3 Nge7 8. Na4
Bb6 9. c3 Ng6 10. d3 Nf4 11. Kf1 g5 12. Bxf4 Qxf4 13. Qc1 Qxc1+ 14. Rxc1 f6 15.
Ke2 d6 16. Rhd1 Bd7 17. b3 Ne7 18. Nb2 Ng6 19. Kf1 Nf4 20. Ng1 a6 21. Ne2 Nxg2
22. Kxg2 c6 23. Rd2 a5 24. Nc4 Bc7 25. Ne3 Kf7 26. d4 exd4 27. Nxd4 Rhe8 28.
Ndf5 Bxf5 29. Nxf5 Rxe4 30. Rxd6 Rd8 31. Rxd8 Bxd8 32. Nd6+ 1-0